MARC details
| 000 -LEADER |
| fixed length control field |
02316cam a2200469La 4500 |
| 001 - CONTROL NUMBER |
| control field |
ocn646885814 |
| 003 - CONTROL NUMBER IDENTIFIER |
| control field |
OCoLC |
| 005 - DATE AND TIME OF LATEST TRANSACTION |
| control field |
20210303085303.0 |
| 006 - FIXED-LENGTH DATA ELEMENTS--ADDITIONAL MATERIAL CHARACTERISTICS |
| fixed length control field |
m d |
| 007 - PHYSICAL DESCRIPTION FIXED FIELD--GENERAL INFORMATION |
| fixed length control field |
cr un||||||||| |
| 008 - FIXED-LENGTH DATA ELEMENTS--GENERAL INFORMATION |
| fixed length control field |
901012s2009 enk ob 000 0 eng d |
| 020 ## - INTERNATIONAL STANDARD BOOK NUMBER |
| International Standard Book Number |
9781849506168 (electronic bk.) : |
| Terms of availability |
£59.95 ; € 89.95 ; $114.95 |
| 020 ## - INTERNATIONAL STANDARD BOOK NUMBER |
| International Standard Book Number |
1849506167 (electronic bk.) : |
| Terms of availability |
£59.95 ; € 89.95 ; $114.95 |
| 020 ## - INTERNATIONAL STANDARD BOOK NUMBER |
| Canceled/invalid ISBN |
9781849506151 (hbk.) |
| 040 ## - CATALOGING SOURCE |
| Original cataloging agency |
E7B |
| Language of cataloging |
eng |
| Transcribing agency |
E7B |
| Modifying agency |
ZJC |
| 050 14 - LIBRARY OF CONGRESS CALL NUMBER |
| Classification number |
K18 |
| Item number |
.E837 v. 49 |
| 072 #7 - SUBJECT CATEGORY CODE |
| Subject category code |
LAQ |
| Source |
bicssc |
| 072 #7 - SUBJECT CATEGORY CODE |
| Subject category code |
LNAA |
| Source |
bicssc |
| 072 #7 - SUBJECT CATEGORY CODE |
| Subject category code |
LAW088000 |
| Source |
bisacsh |
| 080 ## - UNIVERSAL DECIMAL CLASSIFICATION NUMBER |
| Universal Decimal Classification number |
340 |
| 082 04 - DEWEY DECIMAL CLASSIFICATION NUMBER |
| Classification number |
347/.07 |
| Edition number |
22 |
| 245 00 - TITLE STATEMENT |
| Title |
Studies in law, politics, and society. |
| Number of part/section of a work |
Vol. 49 |
| Medium |
[electronic resource] / |
| Statement of responsibility, etc. |
edited by Austin Sarat. |
| 250 ## - EDITION STATEMENT |
| Edition statement |
1st ed. |
| 260 ## - PUBLICATION, DISTRIBUTION, ETC. |
| Place of publication, distribution, etc. |
Bingley, UK : |
| Name of publisher, distributor, etc. |
Emerald, |
| Date of publication, distribution, etc. |
2009. |
| 300 ## - PHYSICAL DESCRIPTION |
| Extent |
1 online resource (ix, 210 p.) |
| 504 ## - BIBLIOGRAPHY, ETC. NOTE |
| Bibliography, etc. note |
Includes bibliographical references. |
| 520 ## - SUMMARY, ETC. |
| Summary, etc. |
Trials are well known as paradigmatic legal events. Some attract wide attention; others mostly escape notice. Indeed in the United States trials have recently become rare, with some scholars bemoaning the death of the trial. This issue of "Studies in Law, Politics and Society" contains, along with two general interest articles, a symposium on the past, present, and future of the trial. It brings together the work of leading scholars to think about the nature, utility, and limits of trials. This work takes stock of the field, charts its progress, and points the way for its future development. |
| 588 ## - SOURCE OF DESCRIPTION NOTE |
| Source of description note |
Description based on print version record. |
| 650 #0 - SUBJECT ADDED ENTRY--TOPICAL TERM |
| Topical term or geographic name entry element |
Political sociology |
| General subdivision |
Research. |
| 650 #0 - SUBJECT ADDED ENTRY--TOPICAL TERM |
| Topical term or geographic name entry element |
Political sociology |
| General subdivision |
Research |
| Geographic subdivision |
United States. |
| 650 #0 - SUBJECT ADDED ENTRY--TOPICAL TERM |
| Topical term or geographic name entry element |
Sociological jurisprudence |
| General subdivision |
Research |
| Geographic subdivision |
United States. |
| 650 #0 - SUBJECT ADDED ENTRY--TOPICAL TERM |
| Topical term or geographic name entry element |
Sociology |
| General subdivision |
Research |
| Geographic subdivision |
United States. |
| 650 #0 - SUBJECT ADDED ENTRY--TOPICAL TERM |
| Topical term or geographic name entry element |
Trial practice. |
| 650 #0 - SUBJECT ADDED ENTRY--TOPICAL TERM |
| Topical term or geographic name entry element |
Practice of law. |
| 650 #7 - SUBJECT ADDED ENTRY--TOPICAL TERM |
| Topical term or geographic name entry element |
Law & society. |
| Source of heading or term |
bicssc |
| 650 #7 - SUBJECT ADDED ENTRY--TOPICAL TERM |
| Topical term or geographic name entry element |
Courts & procedure. |
| Source of heading or term |
bicssc |
| 650 #7 - SUBJECT ADDED ENTRY--TOPICAL TERM |
| Topical term or geographic name entry element |
Law |
| General subdivision |
Trial Practice. |
| Source of heading or term |
bisacsh |
| 700 1# - ADDED ENTRY--PERSONAL NAME |
| Personal name |
Sarat, Austin. |
| 776 08 - ADDITIONAL PHYSICAL FORM ENTRY |
| Relationship information |
Print version: |
| Title |
Studies in law, politics, and society. Vol. 49. |
| Place, publisher, and date of publication |
[S.l.] : Emerald Group Pub, 2009 |
| International Standard Book Number |
1849506159 |
| Record control number |
(OCoLC)501136278 |
| 856 40 - ELECTRONIC LOCATION AND ACCESS |
| Uniform Resource Identifier |
<a href="https://www.emerald.com/insight/publication/doi/10.1108/S1059-4337(2009)49">https://www.emerald.com/insight/publication/doi/10.1108/S1059-4337(2009)49</a> |
| 913 ## - |
| -- |
SSbacklist |